The Red and the Black / (Record no. 591696)

000 -LEADER
fixed length control field 00245nam a22001097a 4500
082 ## - DEWEY DECIMAL CLASSIFICATION NUMBER
Classification number 843.7
Author Mark STE
100 ## - MAIN ENTRY--PERSONAL NAME
Personal name Stendhal
245 ## - TITLE STATEMENT
Title The Red and the Black /
Statement of responsibility, etc. Stendhal
260 ## - PUBLICATION, DISTRIBUTION, ETC.
Name of publisher, distributor, etc. Yilin Press,
300 ## - PHYSICAL DESCRIPTION
Extent 481 p. ;
Dimensions 23 cm.
942 ## - ADDED ENTRY ELEMENTS (KOHA)
Source of classification or shelving scheme
Koha item type Book
Holdings
Withdrawn status Lost status Source of classification or shelving scheme Damaged status Not for loan Permanent Location Current Location Shelving location Date acquired Source of acquisition Total Checkouts Full call number Barcode Date last seen Price effective from Koha item type
          Central Library (CL) Central Library (CL) Chinese Studies 10/11/2022 Donation by China Embassy   843.7 STE CL-D-2051 10/11/2022 10/11/2022 Book
© 2023 Central Library, National University of Sciences and Technology. All Rights Reserved.